Design of equilibrium stage processes (Record no. 13251)

000 -LEADER
fixed length control field 00589nam a22002171 4500
001 - CONTROL NUMBER
control field 13251
003 - CONTROL NUMBER IDENTIFIER
control field BD-DhUET
008 - FIXED-LENGTH DATA ELEMENTS--GENERAL INFORMATION
fixed length control field 740517s1963 nyua b 000 0 eng
020 ## - INTERNATIONAL STANDARD BOOK NUMBER
International Standard Book Number 070586373
040 ## - CATALOGING SOURCE
Original cataloging agency DLC
Transcribing agency OAkU
Modifying agency BD-DhUET
082 ## - DEWEY DECIMAL CLASSIFICATION NUMBER
Classification number 660.28422
Item number SMI/1963
100 1# - MAIN ENTRY--PERSONAL NAME
Personal name Smith, Buford D.
245 10 - TITLE STATEMENT
Title Design of equilibrium stage processes
250 ## - EDITION STATEMENT
Edition statement 1st ed.
260 ## - PUBLICATION, DISTRIBUTION, ETC. (IMPRINT)
Place of publication, distribution, etc. New York
Name of publisher, distributor, etc. McGraw-Hill
Date of publication, distribution, etc. 1963
300 ## - PHYSICAL DESCRIPTION
Extent 647 p.
Other physical details ill.
Dimensions 24 cm.
490 ## - SERIES STATEMENT
Series statement McGraw-Hill chemical engineering series
504 ## - BIBLIOGRAPHY, ETC. NOTE
Bibliography, etc Includes bibliographies
650 #0 - SUBJECT ADDED ENTRY--TOPICAL TERM
Topical term or geographic name as entry element Chemical equilibrium
942 ## - ADDED ENTRY ELEMENTS (KOHA)
Koha item type General Book
Holdings
Damaged status Shelving location Koha normalized classification for sorting Koha full call number Piece designation (barcode) Copy number Lost status Withdrawn status Location (home branch) Koha item type Koha date last seen Not for loan Source of classification or shelving scheme Price effective from Sublocation or collection (holding branch) Date acquired
 Circulation section660_284220000000000_SMI_1963660.28422/SMI/1963349541  Central Library, BUETGeneral Book2015-03-02  2015-03-02Central Library, BUET2015-03-02
 Circulation section660_284220000000000_SMI_1963660.28422/SMI/1963298452  Central Library, BUETGeneral Book2015-03-03  2015-03-03Central Library, BUET2015-03-03
 Circulation section660_284220000000000_SMI_1963660.28422/SMI/1963298413  Central Library, BUETGeneral Book2015-03-03  2015-03-03Central Library, BUET2015-03-03
 Circulation section660_284220000000000_SMI_1963660.28422/SMI/1963298474  Central Library, BUETGeneral Book2015-03-03  2015-03-03Central Library, BUET2015-03-03
 Circulation section660_284220000000000_SMI_1963660.28422/SMI/1963298535  Central Library, BUETGeneral Book2015-03-03  2015-03-03Central Library, BUET2015-03-03
 Circulation section660_284220000000000_SMI_1963660.28422/SMI/1963298436  Central Library, BUETGeneral Book2015-03-03  2015-03-03Central Library, BUET2015-03-03
 Circulation section660_284220000000000_SMI_1963660.28422/SMI/1963298447  Central Library, BUETGeneral Book2015-03-03  2015-03-03Central Library, BUET2015-03-03
 Circulation section660_284220000000000_SMI_1963660.28422/SMI/1963298408  Central Library, BUETGeneral Book2015-03-03  2015-03-03Central Library, BUET2015-03-03
 Circulation section660_284220000000000_SMI_1963660.28422/SMI/1963349559  Central Library, BUETGeneral Book2015-03-03  2015-03-03Central Library, BUET2015-03-03
 Circulation section660_284220000000000_SMI_1963660.28422/SMI/19631147710  Central Library, BUETGeneral Book2015-05-11  2015-05-11Central Library, BUET2015-05-11
 Circulation section660_284220000000000_SMI_1963660.28422/SMI/19632984611  Central Library, BUETGeneral Book2015-05-11  2015-05-11Central Library, BUET2015-05-11
 Circulation section660_284220000000000_SMI_1963660.28422/SMI/19633495312  Central Library, BUETGeneral Book2015-05-11  2015-05-11Central Library, BUET2015-05-11
 Circulation section660_284220000000000_SMI_1963660.28422/SMI/19631883613  Central Library, BUETGeneral Book2015-05-11  2015-05-11Central Library, BUET2015-05-11
 Circulation section660_284220000000000_SMI_1963660.28422/SMI/19632985414  Central Library, BUETGeneral Book2015-05-11  2015-05-11Central Library, BUET2015-05-11
 Circulation section660_284220000000000_SMI_1963660.28422/SMI/19632985615  Central Library, BUETGeneral Book2015-05-11  2015-05-11Central Library, BUET2015-05-11
 Circulation section660_284220000000000_SMI_1963660.28422/SMI/19632984816  Central Library, BUETGeneral Book2015-05-19  2015-05-19Central Library, BUET2015-05-19
 Reading section660_284220000000000_SMI_1963660.28422/SMI/1963644917  Central Library, BUETReading Item2015-06-18  2015-06-18Central Library, BUET2015-06-18